000 00817nam a2200253 a 4500
001 73436
003 BD-RjUL
005 20211209082408.0
008 170531s1944 nyua b 001 0 eng d
035 _a(BD-RjUL)73654
040 _aDLC
_cTxComS
_d(BD-RjUL)
_beng
041 _aeng
082 0 0 _a624.154
_bCHP 1944
_223
100 1 _aChellis, Robert Dunning,
_d1887-
_941218
245 1 0 _aPile foundations :
_bTheory, design, practice of pile foundations /
_cChellis, Robert Dunning,
260 _aNew York :
_bPitman Publishing Corporation,
_c1944.
300 _axiv, 276 p. :
_bill. ;
_c24 cm.
504 _aIncludes bibliography and Index
650 0 _aPile foundations
_941219
650 0 _aPiling (Civil engineering)
_9217226
650 0 _aFoundations.
_941220
942 _2ddc
_cBK
999 _c73436
_d73436